Pemimpin berjasa

Bibliographic Details
Main Author: M. Jasni
Format: Book
Published: Kuala Lumpur : Pustaka Bakti Wira , 1996
Series:Siri rangkaian budi
Subjects:

MARC

LEADER 00000cam a2200000 7i4500
001 0000017320
002 000018867
005 20000330.0
020 |a 9838270962 
090 0 0 |a JF   |b MJA 
100 0 |a M. Jasni 
245 1 0 |a Pemimpin berjasa   |c M. Jasni 
260 |a Kuala Lumpur :   |b Pustaka Bakti Wira ,   |c 1996 
300 |a 30 p. :   |b ill. ;   |c 26 cm. 
490 0 |a Siri rangkaian budi 
650 0 0 |a Children's stories, Malay 
999 |a 049463   |b BUKU   |c PINJAMAN   |e PERPUSTAKAAN KOMUNITI PETALING JAYA 
999 |a 049464   |b BUKU   |c PINJAMAN   |e PERPUSTAKAAN KOMUNITI PETALING JAYA 
999 |a 085674   |b BUKU   |c PINJAMAN   |e PERPUSTAKAAN KOMUNITI PETALING JAYA